000 00363nam a2200133Ia 4500
008 151213s9999 xx 000 0 und d
100 _aPrime Minister
245 _aDevelopment Administrator Circular No - 2
_cPrime Minister
260 _aMalayasia
_bPrime Minister's
_c1996
300 _a3787 p.
650 _aReference
700 _aPrime Minister
999 _c2499
_d2499